Ładuje się......
Mems and moems technology and applications /
| Format: | Printed Book |
|---|---|
| Wydane: |
New Delhi:
PHI Learning,
2009.
|
| Hasła przedmiotowe: |
| LEADER | 00545cam a2200169ua 4500 | ||
|---|---|---|---|
| 008 | 101030t2009||||||||||| 00 ||||| c | ||
| 082 | |a 621.381 52 |b MEM | ||
| 245 | 0 | 0 | |a Mems and moems technology and applications / |
| 260 | |a New Delhi: |b PHI Learning, |c 2009. | ||
| 300 | |a 520p.. | ||
| 362 | 1 | |a 2009. | |
| 650 | |a Mems technology | ||
| 650 | 0 | |a Moems technology | |
| 650 | 0 | |a Engineering | |
| 942 | |c BK | ||
| 999 | |c 23774 |d 23774 | ||
| 952 | |0 0 |1 0 |4 0 |6 621_381000000000000_52_ME |7 0 |9 25273 |a KUCL |b KUCL |d 2014-05-23 |l 0 |o 621.381 52 ME |p 24401 |r 2014-05-23 |w 2014-05-23 |y BK | ||